[Event "World Youth U16 Olympiad"]
[Site "Gyor HUN"]
[Date "2014.12.20"]
[Round "9.22"]
[Board "2"]
[White "Simon, Lili"]
[Black "Nagy, Istvan Miklos"]
[Result "1-0"]
[WhiteElo "1901"]
[BlackElo "1730"]
[WhiteTeam "Hungary (Girls)"]
[BlackTeam "Györ (Hungary)"]
[WhiteFideId "712159"]
[BlackFideId "760471"]
[EventDate "2014.12.13"]
[EventType "team"]

1. Nf3 d5 2. g3 Nc6 3. d4 Bf5 4. Bg2 e6 5. a3 a5 6. O-O Nf6 7. Nbd2 Be7 8. b3 b5
9. Bb2 O-O 10. Ne5 Nxe5 11. dxe5 Nd7 12. e4 dxe4 13. Nxe4 Rb8 14. Qe2 Nc5 15.
Rad1 Qe8 16. Rd2 Nxe4 17. Bxe4 Bxe4 18. Qxe4 Rd8 19. Rfd1 Rxd2 20. Rxd2 Bc5 21.
Qb7 Qb8 22. Qxb8 Rxb8 23. Rd7 Bb6 24. a4 bxa4 25. bxa4 Kf8 26. Ba3+ Kg8 27. Kg2
g6 28. Be7 Rc8 29. c4 c6 30. Rb7 Bd4 31. Bd6 Bc3 32. Ra7 g5 33. Kf3 h5 34. h3
Kg7 35. Rc7 Rxc7 36. Bxc7 Kg6 37. g4 h4 38. Ke4 c5 39. Bd8 Bd2 40. f3 Kh6 41.
Be7 Bb4 42. f4 gxf4 43. Kxf4 Kg6 44. Bxh4 Bd2+ 45. Ke4 Bc3 46. Bf2 Bb4 47. Be3
Kh7 48. Kf4 Kg6 49. h4 Ba3 50. h5+ Kh6 51. Kg3+ Kh7 52. Kh4 Bb4 53. Kg5 Kg7 54.
h6+ Kg8 55. Kf6 Be1 56. h7+ Kxh7 57. Kxf7 1-0

[Event "World Youth U16 Olympiad"]
[Site "Gyor HUN"]
[Date "2014.12.20"]
[Round "9.22"]
[Board "3"]
[White "Kurcsics, Erika"]
[Black "Egyed, Judit"]
[Result "0-1"]
[WhiteElo "1803"]
[BlackElo "1914"]
[WhiteTeam "Györ (Hungary)"]
[BlackTeam "Hungary (Girls)"]
[WhiteFideId "713848"]
[BlackFideId "703664"]
[EventDate "2014.12.13"]
[EventType "team"]

1. e4 c5 2. Nc3 d6 3. f4 Nf6 4. Nf3 e6 5. Bc4 a6 6. a4 Be7 7. d3 O-O 8. O-O Nc6
9. h3 d5 10. Bb3 Rb8 11. e5 Nd7 12. Ne2 b5 13. c3 d4 14. Qc2 Nb6 15. Nd2 c4 16.
Ba2 dxc3 17. Nxc3 b4 18. Nxc4 bxc3 19. bxc3 Nxc4 20. Bxc4 Bc5+ 21. d4 Nxd4 22.
cxd4 Bxd4+ 23. Be3 Bxe3+ 24. Kh2 Qd4 25. Rad1 Bxf4+ 26. Kh1 Qxe5 0-1

[Event "World Youth U16 Olympiad"]
[Site "Gyor HUN"]
[Date "2014.12.20"]
[Round "9.22"]
[Board "4"]
[White "Kovacs, Judit"]
[Black "Nemeth, Balint"]
[Result "1-0"]
[WhiteElo "1849"]
[BlackElo "1560"]
[WhiteTeam "Hungary (Girls)"]
[BlackTeam "Györ (Hungary)"]
[WhiteFideId "769215"]
[BlackFideId "763837"]
[EventDate "2014.12.13"]
[EventType "team"]

1. Nf3 d5 2. g3 Nf6 3. Bg2 c6 4. O-O Bg4 5. Ne5 Nbd7 6. Nxg4 Nxg4 7. d4 e5 8. e4
Ngf6 9. exd5 Nxd5 10. dxe5 Nc7 11. Re1 Bc5 12. Bh3 Ne6 13. Be3 Bxe3 14. Rxe3 O-O
15. Nd2 Re8 16. Nc4 Ndc5 17. Qxd8 Raxd8 18. Nd6 Re7 19. b4 Na6 20. a3 b6 21. c3
c5 22. b5 Nac7 23. Bg2 Ne8 24. Rd1 f6 25. f4 N6c7 26. Red3 Kf8 27. Nxe8 Rdxe8
28. Bc6 Rb8 29. exf6 gxf6 30. Rd7 Rbe8 31. Rxc7 Rxc7 32. Bxe8 Kxe8 33. Kf2 Kf7
34. Kf3 Re7 35. g4 Kg6 36. h4 h6 37. f5+ Kg7 38. a4 Kf7 39. a5 Rb7 40. axb6 axb6
41. Rd6 Ra7 42. Ke4 Re7+ 43. Kd5 Re3 44. Rxb6 Rxc3 45. Rb7+ Ke8 46. Ke6 1-0

[Event "World Youth U16 Olympiad"]
[Site "Gyor HUN"]
[Date "2014.12.20"]
[Round "9.23"]
[Board "1"]
[White "Buzas, Bertalan"]
[Black "Lee, Jun Hyeok"]
[Result "1/2-1/2"]
[BlackTitle "FM"]
[WhiteElo "2109"]
[BlackElo "2022"]
[WhiteTeam "Transdanubium West"]
[BlackTeam "South Korea 1"]
[WhiteFideId "751820"]
[BlackFideId "13202340"]
[EventDate "2014.12.13"]
[EventType "team"]

1. e4 c5 2. Nf3 d6 3. d4 cxd4 4. Nxd4 Nf6 5. Nc3 a6 6. h3 e6 7. g4 b5 8. Bg2 Bb7
9. g5 Nfd7 10. O-O Be7 11. f4 b4 12. Nce2 Nc5 13. Ng3 O-O 14. h4 d5 15. e5 g6
16. h5 Ne4 17. Kh2 Nc6 18. Nxc6 Bxc6 19. Bxe4 dxe4 20. Qxd8 Rfxd8 21. Be3 Bd5
22. Rf2 Rdc8 23. Rd1 Rc6 24. Rdd2 Rac8 25. Rfe2 a5 26. Bg1 Bxa2 27. Nxe4 Bd5 28.
Nf6+ Bxf6 29. exf6 a4 30. hxg6 hxg6 31. Bd4 Ba2 32. c3 Bc4 33. Re1 b3 34. Ra1
Ra6 35. Ra3 Bd5 36. Kg3 Kf8 37. Be5 Ke8 38. Rd4 Rc4 39. Kf2 Rxd4 40. Bxd4 Kd7
41. Bc5 Kc6 42. Be7 Kb5 43. Ra1 Ra8 44. Ba3 Rh8 45. Kg3 Rh5 46. Bd6 Be4 47. Rd1
Bc2 48. Rd4 Rh1 49. Ba3 Ra1 50. Rb4+ Ka5 51. Rb8 Be4 52. Rb4 Bc6 53. Kf2 Rh1 54.
Ke3 Rd1 55. Kf2 Rd5 56. Rb8 Rd7 57. Ke3 Bb7 58. Re8 Kb6 59. Re7 Bc6 60. Rxd7 1/2-1/2

[Event "World Youth U16 Olympiad"]
[Site "Gyor HUN"]
[Date "2014.12.20"]
[Round "9.23"]
[Board "2"]
[White "Kwon, Sehyun"]
[Black "Acs, Marton"]
[Result "1-0"]
[WhiteElo "1947"]
[BlackElo "1969"]
[WhiteTeam "South Korea 1"]
[BlackTeam "Transdanubium West"]
[WhiteFideId "13203088"]
[BlackFideId "765139"]
[EventDate "2014.12.13"]
[EventType "team"]

1. e4 e5 2. Nf3 Nc6 3. Bb5 a6 4. Ba4 Nf6 5. d3 b5 6. Bb3 Be7 7. O-O d6 8. a4 b4
9. a5 O-O 10. Bg5 Bg4 11. c3 bxc3 12. bxc3 h6 13. Bxf6 Bxf6 14. h3 Bd7 15. Nbd2
Ne7 16. Nc4 Ng6 17. Ne3 Nf4 18. Nd5 Nxd5 19. Bxd5 c6 20. Bc4 Be6 21. Bxe6 fxe6
22. d4 exd4 23. cxd4 e5 24. dxe5 Bxe5 25. Nxe5 dxe5 26. Qc2 Qc7 27. Rfc1 Rfc8
28. Qc5 Rab8 29. Qc4+ Kh7 30. Qxa6 Qd6 31. Qe2 Qd4 32. Ra2 c5 33. a6 c4 34. Rac2
c3 35. Qf3 Ra8 36. Rxc3 Rf8 37. Qe2 Rf4 38. Rc4 Rxe4 39. Qxe4+ 1-0

[Event "World Youth U16 Olympiad"]
[Site "Gyor HUN"]
[Date "2014.12.20"]
[Round "9.23"]
[Board "3"]
[White "Arvai, Eszter"]
[Black "Nam, Ju Won"]
[Result "1-0"]
[WhiteElo "1978"]
[BlackElo "1435"]
[WhiteTeam "Transdanubium West"]
[BlackTeam "South Korea 1"]
[WhiteFideId "732583"]
[BlackFideId "13203240"]
[EventDate "2014.12.13"]
[EventType "team"]

1. d4 d5 2. c4 c6 3. cxd5 cxd5 4. Bf4 Nf6 5. e3 Bf5 6. Nc3 e6 7. Bd3 Bxd3 8.
Qxd3 a6 9. Nf3 Bd6 10. Bxd6 Qxd6 11. Ne5 Nbd7 12. f4 O-O 13. O-O Ne8 14. Na4
Nxe5 15. fxe5 Qb4 16. Nc5 Nc7 17. a3 Qb5 18. Qxb5 Nxb5 19. Nxb7 f6 20. exf6 Rxf6
21. Nc5 Kf7 22. Rac1 Ke7 23. Nd3 Kd6 24. Ne5 Na7 25. Rf2 Rc8 26. Rfc2 Rff8 27.
Rxc8 Rxc8 28. Rxc8 Nxc8 29. Kf2 Nb6 30. b3 a5 31. Ke2 Kc7 32. Kd3 a4 33. b4 Nc8
34. Kc3 Nd6 35. Nd3 Nc4 36. Nc5 Nxe3 37. Nxa4 Nc4 38. Nc5 Nxa3 39. Nxe6+ Kd6 40.
Nxg7 Nb5+ 41. Kd3 Ke7 42. Nf5+ Ke6 43. g4 1-0

[Event "World Youth U16 Olympiad"]
[Site "Gyor HUN"]
[Date "2014.12.20"]
[Round "9.23"]
[Board "4"]
[White "Choi, Hyunhyo"]
[Black "Szabo, Benjamin"]
[Result "0-1"]
[WhiteElo "1399"]
[BlackElo "1947"]
[WhiteTeam "South Korea 1"]
[BlackTeam "Transdanubium West"]
[WhiteFideId "13203185"]
[BlackFideId "761095"]
[EventDate "2014.12.13"]
[EventType "team"]

1. e4 e5 2. Nf3 Nc6 3. Bb5 Nge7 4. c3 g6 5. d4 exd4 6. cxd4 Bg7 7. Nc3 O-O 8.
O-O d6 9. h3 a6 10. Be2 b5 11. Be3 Bb7 12. Rc1 Nb8 13. Qb3 Nbc6 14. Rfd1 h6 15.
a3 Na5 16. Qc2 d5 17. e5 Nf5 18. Nb1 Rc8 19. Nbd2 Qe8 20. Nb3 Nxb3 21. Qxb3 c5
22. dxc5 Bxe5 23. Bf1 Bb8 24. Bd4 Qe4 25. a4 Bf4 26. Rc2 bxa4 27. Qxa4 Qe8 28.
Qxe8 Rfxe8 29. Ra1 Re4 30. Bf6 Rc6 31. Bd8 Rb4 32. g3 Bb8 33. Ne1 Nd4 34. Rc3
Ne6 35. Be7 Be5 36. Re3 Bd4 37. Re2 Bxc5 38. Bxc5 Nxc5 39. Rd2 Nb3 0-1

[Event "World Youth U16 Olympiad"]
[Site "Gyor HUN"]
[Date "2014.12.20"]
[Round "9.24"]
[Board "1"]
[White "Oltman, Kayla"]
[Black "Conradie, Andre"]
[Result "0-1"]
[WhiteElo "1529"]
[BlackElo "1760"]
[WhiteTeam "South Africa (Girls)"]
[BlackTeam "South Africa 2"]
[WhiteFideId "14318490"]
[BlackFideId "14304570"]
[EventDate "2014.12.13"]
[EventType "team"]

1. c4 e5 2. g3 g6 3. Bg2 Bg7 4. Nc3 Nc6 5. d3 d6 6. Nf3 Nge7 7. O-O O-O 8. Rb1
f5 9. e3 h6 10. d4 e4 11. Nd2 g5 12. d5 Ne5 13. h3 Bd7 14. Qe2 N7g6 15. f3 exf3
16. Nxf3 g4 17. Nxe5 Bxe5 18. Qe1 gxh3 19. Bxh3 Qe7 20. e4 f4 21. Bxd7 Qxd7 22.
gxf4 Qg4+ 23. Kh1 Qh3+ 24. Kg1 Bd4+ 25. Rf2 Nxf4 26. Bxf4 Rxf4 27. Nd1 Qg3+ 28.
Kf1 Bxf2 29. Nxf2 Raf8 30. Ke2 Rxf2+ 31. Kd1 Qd3+ 32. Kc1 Qc2# 0-1

[Event "World Youth U16 Olympiad"]
[Site "Gyor HUN"]
[Date "2014.12.20"]
[Round "9.24"]
[Board "2"]
[White "Kolver, Chris"]
[Black "Kolver, Michelle"]
[Result "1-0"]
[WhiteElo "1806"]
[BlackElo "1584"]
[WhiteTeam "South Africa 2"]
[BlackTeam "South Africa (Girls)"]
[WhiteFideId "14307820"]
[BlackFideId "14307839"]
[EventDate "2014.12.13"]
[EventType "team"]

1. d4 f5 2. Nc3 Nf6 3. Bg5 e6 4. e4 Be7 5. exf5 exf5 6. Nf3 O-O 7. Bd3 d5 8. O-O
c6 9. Ne2 Bd6 10. Bf4 Be7 11. h3 Ne4 12. Ne5 Nd7 13. f3 Ng5 14. c3 Nf7 15. Nxf7
Rxf7 16. Bc2 Qf8 17. Nc1 Rf6 18. Bg5 Re6 19. Bxe7 Rxe7 20. Nd3 Nf6 21. Re1 Bd7
22. Rxe7 Qxe7 23. Qd2 Rf8 24. Re1 Qd6 25. Qf4 Qxf4 26. Nxf4 Re8 27. Kf2 g6 28.
Nd3 Kf8 29. Rxe8+ Kxe8 30. Ke3 Ke7 31. Kf4 Bc8 32. Ne5 Ke6 33. Kg5 Ng8 34. h4
Bd7 35. Nxd7 Kxd7 36. h5 Ne7 37. hxg6 hxg6 38. Kf6 b6 39. g4 Kd6 40. gxf5 gxf5
41. Bxf5 Nxf5 42. Kxf5 c5 43. Kg6 cxd4 44. cxd4 Ke7 45. f4 Kf8 46. Kf6 a5 47. a4
Ke8 48. Kg7 Kd7 49. f5 Kc6 50. f6 b5 51. axb5+ Kxb5 52. f7 Kc4 53. f8=Q Kxd4 54.
Qa3 Ke4 55. Qxa5 d4 56. b4 Ke3 57. b5 d3 58. Qe1+ Kd4 59. b6 Kc4 60. b7 Kb3 61.
b8=Q+ Kc2 62. Qbb1# 1-0

[Event "World Youth U16 Olympiad"]
[Site "Gyor HUN"]
[Date "2014.12.20"]
[Round "9.24"]
[Board "3"]
[White "Samons, Marcelle"]
[Black "Gluckman, Paul"]
[Result "0-1"]
[BlackTitle "FM"]
[WhiteElo "1539"]
[BlackElo "1696"]
[WhiteTeam "South Africa (Girls)"]
[BlackTeam "South Africa 2"]
[WhiteFideId "14318016"]
[BlackFideId "14309513"]
[EventDate "2014.12.13"]
[EventType "team"]

1. d4 f5 2. Nf3 e6 3. g3 Nf6 4. Bg2 d5 5. c4 c6 6. Bf4 Bd6 7. Ne5 O-O 8. Nd2 Nh5
9. e3 Nxf4 10. exf4 Nd7 11. c5 Bc7 12. Nxd7 Bxd7 13. b4 b6 14. Nf3 bxc5 15. dxc5
Qf6 16. Qd4 Qxd4 17. Nxd4 e5 18. fxe5 Bxe5 19. Rd1 f4 20. Nxc6 Bxc6 21. b5 Bc3+
22. Kf1 Bxb5+ 23. Kg1 f3 24. Bh3 Rae8 25. Bf1 Bxf1 26. Rxf1 Re1 27. Rxe1 Bxe1
28. h3 Rc8 29. Kh2 Bxf2 30. Rf1 Bxc5 31. Rxf3 Bb6 32. a3 Rc2+ 33. Kh1 d4 34. Rd3
Rc3 35. Rxc3 dxc3 0-1

[Event "World Youth U16 Olympiad"]
[Site "Gyor HUN"]
[Date "2014.12.20"]
[Round "9.24"]
[Board "4"]
[White "Van Der Lingen, Cornelis Petrus"]
[Black "De, Bruyn Aleida"]
[Result "1/2-1/2"]
[BlackTitle "WFM"]
[WhiteElo "1712"]
[BlackElo "1607"]
[WhiteTeam "South Africa 2"]
[BlackTeam "South Africa (Girls)"]
[WhiteFideId "14306620"]
[BlackFideId "14304546"]
[EventDate "2014.12.13"]
[EventType "team"]

1. e4 c5 2. Nf3 Nc6 3. d4 cxd4 4. Nxd4 Nf6 5. Nc3 e5 6. Nb3 Bb4 7. Bd3 d5 8.
exd5 Nxd5 9. Bd2 Nxc3 10. bxc3 Be7 11. O-O O-O 12. Qe2 Qc7 13. Rad1 f5 14. h3
Bd6 15. Bc4+ Kh8 16. Be3 b6 17. Bd5 Bb7 18. c4 f4 19. Bc1 Rad8 20. Bb2 Rfe8 21.
Qe4 Re7 22. Rd2 Bb4 23. Rd3 Bd6 24. a3 Red7 25. Rfd1 Re7 26. Qf5 Bc8 27. Qe4 Bb7
28. h4 Red7 29. h5 h6 30. Kh2 a6 1/2-1/2

[Event "World Youth U16 Olympiad"]
[Site "Gyor HUN"]
[Date "2014.12.20"]
[Round "9.25"]
[Board "1"]
[White "Koo, Inmo"]
[Black "Giczi, Alexandra Laura"]
[Result "1/2-1/2"]
[WhiteElo "1846"]
[BlackElo "1424"]
[WhiteTeam "South Korea 2"]
[BlackTeam "Transdanubium 3"]
[WhiteFideId "13202863"]
[BlackFideId "763780"]
[EventDate "2014.12.13"]
[EventType "team"]

1. e4 e6 2. d4 d5 3. exd5 exd5 4. Nf3 Bd6 5. Bd3 c6 6. O-O Nf6 7. Re1+ Be6 8.
Bg5 Nbd7 9. c4 O-O 10. c5 Bc7 11. b4 a6 12. Qc2 h6 13. Bh4 Bg4 14. Nbd2 Bf4 15.
h3 Bxf3 16. Nxf3 g5 17. Bg3 Bxg3 18. fxg3 Ne4 19. Bxe4 dxe4 20. Qxe4 Nf6 21. Qe7
Rb8 22. Qxd8 Rfxd8 23. g4 Nd5 24. a3 Re8 25. Rxe8+ Rxe8 26. Re1 Re3 27. Ra1 Re2
28. g3 Kg7 29. Kf1 Re3 30. Kf2 Kg6 31. Ne5+ Kf6 32. Nc4 Rd3 33. Na5 Rxd4 34.
Nxb7 Rd2+ 35. Kg1 Ne3 36. Nd6 Kg6 37. Ne4 Rd4 38. Nc3 f5 39. gxf5+ Kxf5 40. g4+
Ke5 41. Re1 Rd3 42. Kf2 Rxc3 43. Rxe3+ Rxe3 44. Kxe3 Kd5 45. Kd3 Ke5 1/2-1/2

[Event "World Youth U16 Olympiad"]
[Site "Gyor HUN"]
[Date "2014.12.20"]
[Round "9.25"]
[Board "2"]
[White "Juhasz, Judit"]
[Black "Huh, Maximilian Romeo Eunhong"]
[Result "1-0"]
[WhiteElo "1668"]
[BlackElo "1231"]
[WhiteTeam "Transdanubium 3"]
[BlackTeam "South Korea 2"]
[WhiteFideId "768499"]
[BlackFideId "13203193"]
[EventDate "2014.12.13"]
[EventType "team"]

1. e4 e5 2. Nf3 Nc6 3. Bc4 Bc5 4. c3 Nf6 5. d3 d6 6. Bb3 h6 7. Nbd2 Be6 8. h3
Bxb3 9. axb3 O-O 10. Nf1 d5 11. Qe2 dxe4 12. dxe4 Qd6 13. Ng3 Rad8 14. O-O Ne7
15. Re1 Rfe8 16. b4 Bb6 17. Be3 Bxe3 18. Qxe3 a6 19. Ra5 Ng6 20. Nf5 Qb6 21. Qe2
Nf4 22. Qe3 Qxe3 23. Rxe3 Rd1+ 24. Kh2 Nd3 25. Re2 Rf1 26. Rd2 Nxf2 27. Ng3
N6xe4 28. Nxf1 Nxd2 29. N3xd2 e4 30. Ne3 Nd3 31. b3 1-0

[Event "World Youth U16 Olympiad"]
[Site "Gyor HUN"]
[Date "2014.12.20"]
[Round "9.25"]
[Board "4"]
[White "Lendvai, Oliver"]
[Black "Lee, Jeeho"]
[Result "1-0"]
[WhiteElo "1248"]
[BlackElo "1162"]
[WhiteTeam "Transdanubium 3"]
[BlackTeam "South Korea 2"]
[WhiteFideId "768758"]
[BlackFideId "13203231"]
[EventDate "2014.12.13"]
[EventType "team"]

1. e4 e5 2. Nf3 Nc6 3. Bb5 a6 4. Ba4 Nf6 5. d3 b5 6. Bb3 d6 7. h3 Be7 8. O-O O-O
9. c3 Re8 10. Re1 Na5 11. Bc2 c5 12. Nbd2 Bb7 13. Nf1 Qc7 14. Ne3 Rac8 15. Bd2
c4 16. dxc4 bxc4 17. Nf5 Qb6 18. Rb1 h6 19. Be3 Qc7 20. Bd2 Rcd8 21. Qe2 Bc8 22.
Ng3 Be6 23. Rbd1 Nc6 24. Ba4 Rb8 25. Rb1 Rec8 26. Be3 Qa5 27. Bxc6 Rxc6 28. a3
Qc7 29. Red1 d5 30. exd5 Bxd5 31. Bd2 Bxf3 32. Qxf3 Rd6 33. Nf5 Rd3 34. Qe2 Rb3
35. Be3 Rxd1+ 36. Rxd1 Bf8 37. Ng3 Qc6 38. Bc1 Qb5 39. Re1 Bd6 40. Nf5 Bc7 41.
Ng3 Nd7 42. Rd1 Nc5 43. Rd2 Nd3 44. Qd1 Nxb2 45. Qc2 Nd3 46. Rd1 Nxc1 47. Rxc1
Rxa3 48. Rb1 Rb3 49. Rxb3 Qxb3 50. Qc1 a5 51. Ne4 a4 52. Nc5 Qb5 53. Ne4 f5 54.
Ng3 f4 55. Ne4 Qd5 56. Nd2 g5 57. Nf1 Qd3 58. Qb2 Ba5 59. Qb8+ Qd8 60. Qxe5 Qc7
61. Qd5+ Kf8 62. Qf5+ Kg7 63. Qe4 Bxc3 64. Qc2 Qa5 65. Qe4 Qb4 66. Qd5 a3 67.
Qd7+ Kh8 68. Qe8+ Kh7 69. Qd7+ Bg7 70. Qf5+ Kg8 71. Qc8+ Kf7 72. Qc7+ Kg6 73.
Qc6+ Kh5 74. Qf3+ Kg6 75. Qc6+ Bf6 76. Qe8+ Kf5 77. Qd7+ Ke5 78. Qc7+ Kd4 79.
Qd7+ Kc3 80. Qd2+ Kb3 81. Qd1+ Ka2 82. Qc2+ Bb2 83. Nd2 Qxd2 84. Qxd2 c3 85. Qc2
Ka1 86. Kf1 Ka2 87. Ke2 1-0

[Event "World Youth U16 Olympiad"]
[Site "Gyor HUN"]
[Date "2014.12.20"]
[Round "9.26"]
[Board "1"]
[White "Shi, Diwen"]
[Black "Mraz, Ondrej"]
[Result "1-0"]
[WhiteTitle "CM"]
[WhiteElo "2147"]
[BlackElo "2138"]
[WhiteTeam "Canada 3"]
[BlackTeam "Slovakia Middle"]
[WhiteFideId "2609886"]
[BlackFideId "14900335"]
[EventDate "2014.12.13"]
[EventType "team"]

1. e4 e5 2. Nf3 Nc6 3. Nc3 Nf6 4. Bb5 Bb4 5. O-O O-O 6. d3 d6 7. Bg5 Ne7 8. Nh4
c6 9. Ba4 Nd7 10. a3 Bxc3 11. bxc3 Nc5 12. Bb3 Nxb3 13. cxb3 h6 14. Be3 g5 15.
Nf3 f5 16. exf5 Bxf5 17. h4 Bg4 18. hxg5 hxg5 19. Qd2 Rxf3 20. Bxg5 Rf7 21. f4
Qb6+ 22. Rf2 Ng6 23. d4 exd4 24. cxd4 Re8 25. Raf1 Rf5 26. Qd3 Re6 27. a4 d5 28.
Qg3 Be2 29. Qh3 Bxf1 30. Qxf5 Nf8 31. Rxf1 Qxd4+ 32. Kh2 Qh8+ 33. Kg1 Qd4+ 34.
Kh2 Qh8+ 35. Kg3 Re3+ 36. Rf3 Rxf3+ 37. Kxf3 Qh5+ 38. Kg3 Qf7 39. Qg4 Ne6 40. f5
Nxg5 41. Qxg5+ Qg7 42. Qxg7+ Kxg7 43. Kf4 c5 44. g4 d4 45. g5 b6 46. f6+ Kg6 47.
Ke4 a6 48. Kd3 b5 49. axb5 axb5 50. b4 c4+ 51. Kxd4 Kf7 52. Ke3 Kg6 53. Ke4 Kf7
54. Kf3 Kg6 55. Kf4 Kf7 56. Ke4 Kg6 57. Kf4 Kf7 58. Kf5 c3 59. g6+ Kf8 60. Ke6
c2 61. g7+ Kg8 62. Ke7 c1=Q 63. f7+ Kxg7 64. f8=Q+ Kg6 65. Qe8+ Kg7 66. Qxb5
Qe3+ 67. Kd6 Qd4+ 68. Kc6 Kf6 69. Qc5 Qe4+ 70. Kb6 Qb1 71. b5 Ke6 72. Qe3+ Kd7
73. Qd4+ Kc8 74. Qg7 Qc2 75. Qf7 Kd8 76. Qf6+ Kc8 77. Qc6+ Qxc6+ 78. Kxc6 Kb8
79. Kb6 Ka8 80. Kc7 1-0

[Event "World Youth U16 Olympiad"]
[Site "Gyor HUN"]
[Date "2014.12.20"]
[Round "9.26"]
[Board "2"]
[White "Haring, Viktor"]
[Black "Song, Guannan Terry"]
[Result "1-0"]
[WhiteElo "2051"]
[BlackElo "2004"]
[WhiteTeam "Slovakia Middle"]
[BlackTeam "Canada 3"]
[WhiteFideId "14919400"]
[BlackFideId "2614189"]
[EventDate "2014.12.13"]
[EventType "team"]

1. e4 c5 2. Nf3 d6 3. d4 cxd4 4. Nxd4 Nf6 5. Nc3 a6 6. Be3 e5 7. Nb3 Be7 8. f3
Be6 9. Qd2 O-O 10. O-O-O a5 11. Bb5 Na6 12. g4 Nc7 13. g5 Nxb5 14. Nxb5 Ne8 15.
a4 Bc4 16. Na3 Be6 17. Kb1 Qc8 18. Nc1 Qc6 19. Nb5 Bc4 20. Nc3 Nc7 21. b3 Be6
22. Nd5 Bxd5 23. exd5 Qd7 24. c4 Qf5+ 25. Qd3 Qxf3 26. Ne2 Na6 27. Rdf1 Nc5 28.
Qxh7+ Kxh7 29. Rxf3 Nxb3 30. Kc2 Nd4+ 31. Bxd4 exd4 32. Rg1 Bd8 33. Rg4 g6 34.
Nxd4 Bb6 35. Nb5 Bc5 36. Nc3 Kg7 37. Ne4 Bb4 38. Nf6 Rh8 39. h3 Rac8 40. Kd3 Rc7
41. Re4 Rcc8 42. Re7 Rh4 43. Ng4 Rf8 44. Nh6 Ba3 45. Rxb7 Bc1 46. Rfxf7+ Rxf7
47. Nxf7 Rxh3+ 48. Kc2 Ba3 49. Nxd6+ Kf8 50. Ne4 Re3 51. Nf6 Rf3 52. Nd7+ Ke8
53. c5 Rf5 54. Nf6+ Kd8 55. c6 Kc8 56. Rb3 Rf2+ 57. Kd3 Rf3+ 58. Kc4 Rf4+ 59.
Kb5 Bb4 60. Rh3 Be7 61. Rh8+ Kc7 62. Rh7 Kd8 63. c7+ Kxc7 64. Rxe7+ Kd6 65. Re6+
Kc7 66. d6+ Kb7 67. d7 Rf5+ 68. Kc4 Rf4+ 69. Kd5 Rf1 70. Rd6 Rd1+ 71. Ke6 1-0

[Event "World Youth U16 Olympiad"]
[Site "Gyor HUN"]
[Date "2014.12.20"]
[Round "9.26"]
[Board "4"]
[White "Poliakova, Emma"]
[Black "Cai, Jason"]
[Result "1-0"]
[WhiteElo "1679"]
[BlackElo "1962"]
[WhiteTeam "Slovakia Middle"]
[BlackTeam "Canada 3"]
[WhiteFideId "73601144"]
[BlackFideId "2618133"]
[EventDate "2014.12.13"]
[EventType "team"]

1. e4 c5 2. Nf3 Nc6 3. d4 cxd4 4. Nxd4 Nf6 5. Nc3 e5 6. Ndb5 d6 7. Bg5 a6 8. Na3
b5 9. Bxf6 gxf6 10. Nd5 Bg7 11. c3 f5 12. exf5 Bxf5 13. Nc2 Be6 14. Nce3 Ne7 15.
Be2 Nxd5 16. Nxd5 O-O 17. Qd2 Rb8 18. h4 f5 19. O-O-O Kh8 20. Kb1 Qa5 21. h5 e4
22. h6 Be5 23. f4 exf3 24. Bxf3 Rfc8 25. Rhe1 Bxd5 26. Bxd5 Qd8 27. Be6 Rc5 28.
Qe3 Qf6 29. Bd5 Rcc8 30. Rf1 b4 31. c4 Re8 32. Qc1 b3 33. a3 Qg6 34. Ka1 Bf6 35.
Bf3 Rbd8 36. Qf4 Re5 37. Rh1 a5 38. Qd2 Qe8 39. Rhe1 Rxe1 40. Rxe1 Qa4 41. Kb1
Qxc4 42. Bd5 Qg4 43. Qxa5 Qh4 44. Qxd8+ 1-0

[Event "World Youth U16 Olympiad"]
[Site "Gyor HUN"]
[Date "2014.12.21"]
[Round "10.1"]
[Board "2"]
[White "Tabatabaei, M.amin"]
[Black "Korpa, Bence"]
[Result "1/2-1/2"]
[WhiteTitle "FM"]
[BlackTitle "IM"]
[WhiteElo "2363"]
[BlackElo "2415"]
[WhiteTeam "Iran"]
[BlackTeam "Hungary 1"]
[WhiteFideId "12521213"]
[BlackFideId "706671"]
[EventDate "2014.12.13"]

1. d4 d5 2. c4 c6 3. cxd5 cxd5 4. Nc3 Nf6 5. Bf4 Nc6 6. e3 a6 7. Bd3 Bg4 8. Nge2
e6 9. O-O Bd6 10. f3 Bh5 11. Na4 O-O 12. Nc5 Bxc5 13. dxc5 Bg6 14. Nd4 Re8 15.
Bd6 Qd7 16. Nxc6 bxc6 17. Be2 e5 18. b4 Re6 19. f4 exf4 20. exf4 a5 21. bxa5 Qa7
22. Kh1 Bf5 23. a6 Ne4 24. Be5 Qxc5 25. Bd4 Qe7 26. Bf3 Rh6 27. Qe1 c5 28. Be5
Rhxa6 29. Rd1 Qe6 30. Qe3 Rxa2 31. Qb3 Bg4 32. Rxd5 Nf2+ 33. Kg1 Bxf3 34. Qxf3
Ng4 35. Rxc5 Nxe5 36. Rxe5 Qb6+ 37. Kh1 Ra1 38. Ree1 R1a7 39. h3 h6 40. Rb1 Qg6
41. Rfc1 Rd8 42. f5 Qg5 43. Rc6 Re7 44. Rc3 Qd2 45. Rcc1 Qg5 46. Rf1 Re3 47. Qc6
Qf6 48. Qc7 Rde8 49. Rbd1 Re2 50. Qg3 Qg5 51. Qf3 Qf6 52. Rc1 R2e3 53. Qd5 R3e5
54. Qd7 R5e7 55. Qd2 Re2 56. Qf4 R2e4 57. Qc7 R4e7 58. Qc2 Re2 59. Qb1 Qg5 60.
Qb7 R8e4 61. Qc8+ Kh7 62. Rg1 Re8 63. Qd7 R8e7 64. Qc8 Re8 65. Qd7 R8e7 1/2-1/2

[Event "World Youth U16 Olympiad"]
[Site "Gyor HUN"]
[Date "2014.12.21"]
[Round "10.1"]
[Board "3"]
[White "Kantor, Gergely"]
[Black "Maghsoodloo, Parham"]
[Result "1-0"]
[WhiteTitle "IM"]
[WhiteElo "2385"]
[BlackElo "2415"]
[WhiteTeam "Hungary 1"]
[BlackTeam "Iran"]
[WhiteFideId "751499"]
[BlackFideId "12539929"]
[EventDate "2014.12.13"]

1. d4 Nf6 2. c4 e6 3. Nf3 Bb4+ 4. Bd2 a5 5. g3 b6 6. Bg2 Bb7 7. O-O O-O 8. Bg5
Be7 9. Qc2 Nc6 10. Nc3 h6 11. Bxf6 Bxf6 12. Rfd1 Re8 13. Rac1 d5 14. cxd5 Nb4
15. Qb1 exd5 16. e3 Qe7 17. a3 Na6 18. Ne1 Rad8 19. Nd3 Qf8 20. b4 axb4 21. axb4
Be7 22. b5 Nb4 23. Qb3 Nxd3 24. Rxd3 Rd7 25. Nxd5 Bxd5 26. Bxd5 Red8 27. Bc6 Rd6
28. Bg2 h5 29. Rxc7 h4 30. Rdc3 hxg3 31. hxg3 Kh7 32. Ra7 R8d7 33. Qc2+ g6 34.
Rcc7 Qd8 35. Bh3 1-0